SKIN DISEASE :DIAGNOSIS & TREATMENT (Record no. 3693)

MARC details
000 -LEADER
fixed length control field 00348nam a2200145Ia 4500
008 - FIXED-LENGTH DATA ELEMENTS--GENERAL INFORMATION
fixed length control field 150201s2005 xx 000 0 und d
082 ## - DEWEY DECIMAL CLASSIFICATION NUMBER
Classification number 610
Item number S2005H
100 ## - MAIN ENTRY--PERSONAL NAME
Personal name HABI,THOMAS
245 ## - TITLE STATEMENT
Title SKIN DISEASE :DIAGNOSIS & TREATMENT
250 ## - EDITION STATEMENT
Edition statement 2ND
260 ## - PUBLICATION, DISTRIBUTION, ETC. (IMPRINT)
Name of publisher, distributor, etc. ELSEVIER
Place of publication, distribution, etc. DELHI
Date of publication, distribution, etc. 2005
300 ## - PHYSICAL DESCRIPTION
Extent 1-662
650 ## - SUBJECT ADDED ENTRY--TOPICAL TERM
Topical term or geographic name as entry element ORAL MEDICINE
942 ## - ADDED ENTRY ELEMENTS (KOHA)
Source of classification or shelving scheme Dewey Decimal Classification
Koha item type Books
Holdings
Withdrawn status Lost status Source of classification or shelving scheme Damaged status Not for loan Home library Current library Date acquired Source of acquisition Cost, normal purchase price Serial Enumeration / chronology SGTU Bill Number Total Checkouts Full call number Barcode Date last seen Bill Date Koha item type
    Dewey Decimal Classification     SGT Dental Library SGT Dental Library 31/10/2007 U.B.S.DELHI 1495.00 1 SGTU 709   610 S2005H FD4492 09/02/2015 27/08/2012 Books
    Dewey Decimal Classification     SGT Dental Library SGT Dental Library 31/10/2007 U.B.S.DELHI 1495.00 1 SGTU 709   610 S2005H FD4493 09/02/2015 27/08/2012 Books